000 00539nam a2200193Ia 4500
005 20250508163627.0
008 008 250505s9999 xx 000 0 eng d
037 _aTextual
040 _aFEDL
_beng
_cFEDL
041 _aeng
_2eng
084 _a181.4, ASH
_qFEDL
100 _aAshokananda Swami
_9775815
245 0 _aSpiritualizing everyday life
260 _aDelhi, India
_bAdvaita Ashrama
_c1969
300 _a71p.
650 _aOriental Psychology
_9757667
942 _cTEXL
_h181.4, ASH
999 _c1384416
_d1384416